[Event "Litomysl op 20th"]
[Site "Litomysl"]
[Date "2019.12.26"]
[Round "1"]
[White "Vorsilka, Jiri"]
[Black "Khulapov, Vyacheslav"]
[Result "0-1"]
[WhiteElo "1584"]
[BlackElo "2065"]
[PlyCount "54"]
[EventDate "2019.12.26"]
[EventType "swiss"]
[EventRounds "9"]
[EventCountry "CZE"]
[SourceTitle "CBM 194 Extra"]
[Source "ChessBase"]
[SourceDate "2020.03.31"]
[SourceVersion "1"]
[SourceVersionDate "2020.03.31"]
[SourceQuality "1"]

1. e4 d5 2. exd5 Nf6 3. d4 Nxd5 4. c4 Nb6 5. Nf3 g6 6. Be2 Bg7 7. Be3 0-0 8. 0-0 Nc6 9. Nc3 e5 10. dxe5 Nxe5 11. Nxe5 Bxe5 12. Qxd8 Rxd8 13. Rad1 Be6 14. c5 Nd7 15. Rd2 Re8 16. Rfd1 Nf6 17. Bd4 Bxd4 18. Rxd4 Kg7 19. Bf3 c6 20. b4 Re7 21. g4 a5 22. g5 Nd7 23. b5 Ne5 24. Be2 cxb5 25. f4 Nc6 26. Re4 b4 27. Nd5 Bxd5 0-1

[Event "Valasska Bystrice op 11th"]
[Site "Valasska Bystrice"]
[Date "2019.09.11"]
[Round "6"]
[White "Smutek, Vladimir"]
[Black "Vorsilka, Jiri"]
[Result "1-0"]
[WhiteElo "1674"]
[BlackElo "1517"]
[PlyCount "35"]
[EventDate "2019.09.07"]
[EventType "swiss"]
[EventRounds "9"]
[EventCountry "CZE"]
[SourceTitle "EXT 2020"]
[Source "ChessBase"]
[SourceDate "2019.10.17"]
[SourceVersion "1"]
[SourceVersionDate "2019.10.17"]
[SourceQuality "1"]

1. e4 e5 2. Bc4 Nf6 3. Nf3 Nxe4 4. Nxe5 d5 5. Nxf7 Kxf7 6. Qh5+ Ke7 7. Bxd5 Qe8 8. Qxe8+ Kxe8 9. Bxe4 c6 10. 0-0 Be6 11. d4 Bd6 12. Re1 Kf7 13. c3 Nd7 14. Nd2 Nf6 15. Bf3 Nd5 16. Ne4 Rad8 17. Ng5+ Kf6 18. Rxe6+ 1-0

[Event "Kiel op 30th"]
[Site "Kiel"]
[Date "2017.07.29"]
[Round "2"]
[White "Vorsilka, Jiri"]
[Black "Schmidt, Peter1111"]
[Result "1/2-1/2"]
[WhiteElo "1586"]
[BlackElo "1949"]
[PlyCount "86"]
[EventDate "2017.07.29"]
[EventType "swiss"]
[EventRounds "9"]
[EventCountry "GER"]
[SourceTitle "EXT 2018"]
[Source "ChessBase"]
[SourceDate "2017.10.13"]
[SourceVersion "1"]
[SourceVersionDate "2017.10.13"]
[SourceQuality "1"]

1. e4 e5 2. Nf3 Nc6 3. d4 exd4 4. Bc4 Nf6 5. e5 d5 6. Bb5 Ne4 7. Nxd4 Bd7 8. Bxc6 bxc6 9. 0-0 Bc5 10. f3 Ng5 11. f4 Ne4 12. Be3 Bb6 13. c3 Qe7 14. Nd2 Nxd2 15. Qxd2 0-0 16. Qf2 f6 17. exf6 Qxf6 18. Rfe1 Rae8 19. g3 Re4 20. Nc2 Qg6 21. Bxb6 cxb6 22. Rxe4 Qxe4 23. Re1 Qg6 24. Re7 Re8 25. Rxe8+ Qxe8 26. Qe3 Kf7 27. Qxe8+ Bxe8 28. Kf2 c5 29. Ke3 Ke6 30. g4 h5 31. h3 Bg6 32. f5+ Bxf5 33. gxf5+ Kxf5 34. Kf3 g5 35. Ne3+ Ke5 36. Nf1 d4 37. cxd4+ Kxd4 38. Ke2 b5 39. Ng3 h4 40. Nf5+ Ke5 41. Ne3 Kf4 42. Kf2 Ke4 43. Ke2 Kf4 1/2-1/2

[Event "Prague Golden op 11th"]
[Site "Prague"]
[Date "2015.06.27"]
[Round "8"]
[White "Vorsilka, Jiri"]
[Black "Hlavina, Matous"]
[Result "1/2-1/2"]
[WhiteElo "1693"]
[BlackElo "1382"]
[PlyCount "46"]
[EventDate "2015.06.21"]
[EventType "swiss"]
[EventRounds "9"]
[EventCountry "CZE"]
[SourceTitle "EXT 2017"]
[Source "ChessBase"]
[SourceDate "2016.10.25"]
[SourceVersion "1"]
[SourceVersionDate "2016.10.25"]
[SourceQuality "1"]

1. e4 e6 2. d4 d5 3. Nc3 Nf6 4. Bg5 Bb4 5. exd5 exd5 6. Nf3 Nc6 7. Bb5 0-0 8. 0-0 Bxc3 9. bxc3 Bg4 10. Qd3 Qd6 11. Bxc6 bxc6 12. Ne5 Bc8 13. Bf4 Nh5 14. Bd2 a6 15. Qf3 Nf6 16. Rfe1 Ne4 17. Bf4 Qf6 18. Ng4 Bxg4 19. Qxg4 Nxc3 20. Bxc7 Ne4 21. Qf4 Qxd4 22. Be5 Qc5 23. c3 Rad8 1/2-1/2

[Event "Prague Golden op 11th"]
[Site "Prague"]
[Date "2015.06.22"]
[Round "3"]
[White "Stojkovic, Andreja"]
[Black "Vorsilka, Jiri"]
[Result "1-0"]
[WhiteElo "1888"]
[BlackElo "1693"]
[PlyCount "97"]
[EventDate "2015.06.21"]
[EventType "swiss"]
[EventRounds "9"]
[EventCountry "CZE"]
[SourceTitle "CBM 167 Extra"]
[Source "ChessBase"]
[SourceDate "2015.09.14"]
[SourceVersion "1"]
[SourceVersionDate "2015.09.14"]
[SourceQuality "1"]

1. e4 Nf6 2. Nc3 d5 3. exd5 Nxd5 4. Bc4 Nb6 5. Bb3 Nc6 6. Nf3 e5 7. 0-0 Be7 8. Qe1 Bf6 9. Ne4 0-0 10. d3 h6 11. h3 a5 12. a4 Bf5 13. Bd2 Bxe4 14. Qxe4 Re8 15. Rfe1 Qd6 16. Be3 Nd7 17. Qc4 Qe7 18. Qg4 Kh7 19. Qh5 Rf8 20. c3 e4 21. Qf5+ g6 22. Qxe4 Qxe4 23. dxe4 Rae8 24. Bf4 Nde5 25. Nxe5 Nxe5 26. Rad1 Kg7 27. Rd5 c6 28. Rd2 g5 29. Bxe5 Rxe5 30. Rd7 Re7 31. Rxe7 Bxe7 32. Rd1 Rd8 33. g3 Rxd1+ 34. Bxd1 Bd6 35. Bg4 b6 36. Bd7 c5 37. Kf1 Kf6 38. Ke2 Ke7 39. Bc6 f6 40. Kf3 h5 41. Bd5 Kf8 42. Ke3 Kg7 43. Kd3 h4 44. gxh4 gxh4 45. Kc4 Kf8 46. Kb5 Bc7 47. Kc6 Bd8 48. Kd7 Be7 49. Kc7 1-0

[Event "Tabor op"]
[Site "Tabor"]
[Date "2013.08.02"]
[Round "7"]
[White "Vorsilka, Jiri"]
[Black "Trojak, Benedikt"]
[Result "1-0"]
[WhiteElo "1688"]
[BlackElo "1719"]
[PlyCount "73"]
[EventDate "2013.07.28"]
[EventType "swiss"]
[EventRounds "9"]
[EventCountry "CZE"]
[SourceTitle "CBM 155 Extra"]
[Source "ChessBase"]
[SourceDate "2013.08.26"]
[SourceVersion "1"]
[SourceVersionDate "2013.08.26"]
[SourceQuality "1"]

1. e4 e5 2. Nf3 Nc6 3. d4 exd4 4. Bc4 Bc5 5. c3 dxc3 6. Bxf7+ Kf8 7. Bxg8 cxb2 8. Bxb2 Rxg8 9. Qd5 Bb4+ 10. Nbd2 d6 11. Ng5 Qe8 12. Nxh7+ Ke7 13. Ng5 Qg6 14. h4 Be6 15. h5 Qh6 16. Nxe6 Qxe6 17. Qxe6+ Kxe6 18. g4 Raf8 19. Rf1 Ne5 20. Bxe5 Kxe5 21. Rb1 c5 22. Ke2 Bxd2 23. Kxd2 Rf7 24. Ke3 b6 25. f4+ Ke6 26. f5+ Ke5 27. Rbd1 Kf6 28. Rxd6+ Ke7 29. Rfd1 Re8 30. Rd7+ Kf8 31. Rxf7+ Kxf7 32. Rd7+ Re7 33. Rxe7+ Kxe7 34. g5 Kf7 35. e5 c4 36. e6+ Ke7 37. h6 1-0

[Event "Tabor op"]
[Site "Tabor"]
[Date "2013.07.29"]
[Round "2"]
[White "Vorsilka, Jiri"]
[Black "Ruzicka, Tomas"]
[Result "1/2-1/2"]
[WhiteElo "1688"]
[BlackElo "1782"]
[PlyCount "48"]
[EventDate "2013.07.28"]
[EventType "swiss"]
[EventRounds "9"]
[EventCountry "CZE"]
[SourceTitle "CBM 155 Extra"]
[Source "ChessBase"]
[SourceDate "2013.08.26"]
[SourceVersion "1"]
[SourceVersionDate "2013.08.26"]
[SourceQuality "1"]

1. e4 e5 2. Nf3 Nf6 3. Nxe5 d6 4. Nf3 Nxe4 5. Nc3 d5 6. Qe2 Be7 7. Nxe4 dxe4 8. Qxe4 0-0 9. Be2 Re8 10. Qd4 Bd6 11. d3 Nc6 12. Qa4 Bb4+ 13. Kf1 Bd7 14. Be3 Qe7 15. c3 Bc5 16. Qf4 Bxe3 17. fxe3 Qxe3 18. Qxe3 Rxe3 19. Kf2 Rae8 20. Rhe1 h6 21. d4 g5 22. Bc4 Rxe1 23. Rxe1 Rxe1 24. Kxe1 Kg7 1/2-1/2

[Event "Klatovy op-B"]
[Site "Klatovy"]
[Date "2005.??.??"]
[Round "6"]
[White "Prib, Josef Sr"]
[Black "Vorsilka, Jiri"]
[Result "1-0"]
[WhiteElo "1875"]
[BlackElo "1705"]
[PlyCount "69"]
[EventDate "2005.07.02"]
[EventType "swiss"]
[EventRounds "9"]
[EventCountry "CZE"]
[SourceTitle "EXT 2006"]
[Source "ChessBase"]
[SourceDate "2005.11.24"]
[SourceVersion "1"]
[SourceVersionDate "2005.11.24"]
[SourceQuality "1"]

1. c4 Nf6 2. g3 Nc6 3. Bg2 e5 4. Nc3 d6 5. Nf3 Be6 6. d3 Qd7 7. Ng5 h6 8. Nxe6 Qxe6 9. b4 Be7 10. b5 Nd8 11. 0-0 0-0 12. a4 a6 13. Bd2 Qd7 14. Qb3 c5 15. a5 Ne6 16. bxa6 Rxa6 17. Qxb7 Ra7 18. Qxd7 Rxd7 19. Nb5 Nd4 20. e3 Nxb5 21. cxb5 d5 22. Rfb1 Ra7 23. a6 Rb8 24. b6 Raa8 25. e4 d4 26. f4 Nd7 27. b7 Ra7 28. Bh3 Nf8 29. fxe5 Bd8 30. e6 Bc7 31. exf7+ Kxf7 32. Kg2 Ne6 33. Bxe6+ Kxe6 34. Bf4 Be5 35. Rb6+ 1-0

[Event "Klatovy op-B"]
[Site "Klatovy"]
[Date "2005.??.??"]
[Round "9"]
[White "Vorsilka, Jiri"]
[Black "Belec, Mikolas"]
[Result "0-1"]
[WhiteElo "1705"]
[BlackElo "1775"]
[PlyCount "50"]
[EventDate "2005.07.02"]
[EventType "swiss"]
[EventRounds "9"]
[EventCountry "CZE"]
[SourceTitle "EXT 2006"]
[Source "ChessBase"]
[SourceDate "2005.11.24"]
[SourceVersion "1"]
[SourceVersionDate "2005.11.24"]
[SourceQuality "1"]

1. e4 e5 2. Nc3 Nc6 3. Bc4 Bc5 4. Nge2 Nge7 5. 0-0 0-0 6. Kh1 d6 7. d3 Be6 8. Nd5 Bxd5 9. exd5 Nd4 10. Nxd4 Bxd4 11. f4 exf4 12. Rxf4 Be5 13. Rg4 Ng6 14. Re4 f5 15. Re3 f4 16. Rh3 f3 17. Rxf3 Rxf3 18. Qxf3 Qh4 19. g3 Qh3 20. Qg2 Qg4 21. Qe4 Qd1+ 22. Kg2 Qxc2+ 23. Kh3 Qd1 24. g4 Rf8 25. g5 Rf3+ 0-1